El derecho administrativo norteamericano

Guardat en:
Dades bibliogràfiques
Autor principal: Adams, John Clarke (Autor)
Format: Llibre
Idioma:espanyol
Publicat: Buenos Aires EUDEBA 1964
Col·lecció:Cuadernos de EUDEBA, 109
Matèries:
Etiquetes: Afegir etiqueta
Sense etiquetes, Sigues el primer a etiquetar aquest registre!

MARC

LEADER 00000nam a2200000 a 4500
001 UCS0618
003 CL-VaPUC
008 970426e19640000AG |||||||||||||||||spa|d
082 0 4 |a 342.06  |b ADA  |2 21 
100 0 |a Adams, John Clarke  |e author  |9 384324 
245 1 3 |a El derecho administrativo norteamericano 
300 |a 103 p 
942 |c BK 
945 |d 19970426 00:00:00  |a paguirre 
260 |a Buenos Aires  |b EUDEBA  |c 1964 
650 0 |a Derecho administrativo  |9 254851 
650 0 |a Estado  |9 255503 
650 0 |a Administración pública   |9 255343 
650 0 |a Tribunales administrativos  |9 256533 
650 7 |a CONTROL JURIDICO DE LA ADMINISTRACION  |2 CL-VaPUC  |9 384138 
650 0 |a Derecho comparado  |9 255664 
651 0 |a Estados Unidos  |9 255178 
583 |a last modification  |c 19970426 00:00:00  |k Rodrigo Vera 
490 0 |a Cuadernos de EUDEBA, 109 
999 |c 258838  |d 258836 
952 |0 0  |1 0  |2 ddc  |4 0  |6 342_060000000000000_ADA_1964  |7 0  |8 A  |9 283163  |a BIBDER  |b BIBDER  |d 2019-11-19  |i 1838652  |o 342.06 ADA 1964  |p 1838652  |r 2023-01-25  |w 2019-11-19  |y MX  |k DER 
952 |0 0  |1 0  |2 ddc  |4 0  |6 342_060000000000000_ADA_1964  |7 0  |8 A  |9 283164  |a BIBDER  |b BIBDER  |d 2019-11-19  |i 1838660  |o 342.06 ADA 1964  |p 1838660  |r 2023-01-25  |w 2019-11-19  |y MX  |k DER 
952 |0 0  |1 0  |4 0  |6 342_060000000000000_ADA_1964  |7 0  |8 A  |9 283165  |a BIBDER  |b BIBDER  |d 2019-11-19  |i 1838679  |o 342.06 ADA 1964  |p 1838679  |r 2019-11-19  |w 2019-11-19  |y BK  |k DER